Statistiche per Clicca il cognome dell'attrice, Italia edition

Clicka qui per fare il quiz!

Statistiche generali

  • Questo quiz è stato fatto 178 volte
    (154 dall'ultimo reset)
  • Il punteggio medio è 18 su 31

Statistiche sulle risposte

HintRisposta% Corretto
MonicaBellucci
91%
SophiaLoren
91%
AsiaArgento
89%
SabrinaFerilli
85%
PaolaCortellesi
79%
GinaLollobrigida
77%
ManuelaArcuri
72%
Maria GraziaCucinotta
71%
MiriamLeone
69%
CristianaCapotondi
68%
OrnellaMuti
68%
VirnaLisi
63%
LauraChiatti
61%
ViolantePlacido
53%
AlessandraMastronardi
52%
MargheritaBuy
51%
ClaudiaCardinale
50%
CarolinaCrescentini
50%
StefaniaSandrelli
50%
LuisaRanieri
49%
MatildaDe Angelis
47%
GiovannaMezzogiorno
44%
MicaelaRamazzotti
44%
MariangelaMelato
42%
VittoriaPuccini
39%
IsabellaFerrari
38%
MatildeGioli
38%
AnnaMagnani
38%
JasmineTrinca
38%
ValeriaGolino
36%
SilvanaMangano
32%

Distribuzione punteggi

Percentile per numero di risposta

Percentuale di utenti per punteggio

I tuoi punteggi nel tempo

Non hai fatto questo quiz dall'ultimo reset